MDQL
is popping MORE tags! Check the
thread
!
Quizzes
Events
Quiz Creation
Community
Videos
Private Events
Remove Ads
Sign In
Join for FREE
Feedback
Dark Mode
Quiz Categories
Sports
Geography
Music
Movies
Television
Just For Fun
Miscellaneous
History
Literature
Language
Science
Gaming
Entertainment
Religion
Holiday
For Kids
Quiz Lab
Recent
Popular Today
Quiz Kudos Today
Editor Picks
Curator Picks
Quizzes by...
Day
Popularity
Type
Ratings
Length
Year
Community
Subscriptions
Recent Discussions
Orange Saloon
Badges
Playlists
Quests
Create
Leaderboards
Showdown
Live 5
Trivia Bingo
Activity
Puzzle Library
Sporcle Events
Private Events
Virtual Trivia
Globe League
Become a Host
Pub Owners
SporcleCon
Opinionation
Our Games
Videos
Blog
Mobile Apps
Partnerships
Remove Ads and Go Orange
Feedback
Television
TV Characters
TV Show
Sitcom
Network
Friends
Reality Shows
Cast
South Park
Star Trek
The Simpsons
Doctor Who
Television
TV Characters
TV Show
Sitcom
Network
Friends
Reality Shows
Cast
South Park
Star Trek
The Simpsons
Doctor Who
Random Quiz
Search Sporcle
×
Quiz Lab
Quiz Lab
Television
Los Angeles
Type in answers that appear in a list
Type in answers that appear in a list
Classic
Best Score? Go Orange.
NCIS: Los Angeles Season 2 Quiz Stats
How well do you remember the second season of NCIS: Los Angeles?
By
NickName1
10m
25 Questions
70 Plays
70 Plays
70 Plays
Comments
Comments
Give Quiz Kudos
Give Quiz Kudos
-
- Ratings
hide this ad
Replay
Link that replays current quiz
Next Quiz
Link to next quiz in quiz playlist
You Got
0%
They Got
Avg Score
38%
Avg Friend Score
Upgrade to see
Score Distribution
Jump to the score distribution portion of the page
Score
0/25
Timer
10:00
0
Plays Today
Question
Answer
% Correct
What is the name of Deeks' police dog?
Monty
75.7%
'Special Delivery' marked the first appearance of which regular?
Nell Jones
74.3%
In 'Personal', who becomes Deeks' next of kin?
Henrietta Lange
71.4%
'Rocket Man' marked the first time which member went out into the field?
Eric Beale
64.3%
In which country did Sam get buried alive?
Bosnia
62.9%
What phobia does Sam suffer from?
Coulrophobia
61.4%
In 'Disorder', what was the name of Kensi's ex-
fiance?
Jack
58.6%
In 'The Job', what reality show does Kensi love to watch?
America's Next Top Model
47.1%
In 'Plan B.', what nickname does Ray give to Kensi?
Wikipedia
42.9%
And what phobia does Kensi suffer from?
Chaetophobia
41.4%
Name the country that Sam has not worked in that has been a location for a James Bond film?
Iceland
38.6%
In 'Black Widow', what profession did Kensi use as a cover story to her friend?
Art gallery curator
32.9%
Who becomes Hetty's replacement?
Lauren Hunter
32.9%
Question
Answer
% Correct
In 'Standoff', what was the name of the dog that Callen and Tracy had when working together as husband and wife?
Buddy
30%
Name either TV show that influenced Deeks to become a cop.
CHiPs or T.J. Hooker
28.6%
In 'Familia', who is the head of the Comescu family?
Alexa Comescu
25.7%
According to Sam, survival kits are for urban sissies who can't make a flotation device out of what?
A pair of pants
22.9%
In 'Human Traffic', what was the name of Deeks' LAPD partner?
Detective Jess Traynor
21.4%
Who was Deeks' father?
Gordon John Brandel
21.4%
In 'Little Angels', what alias does Kensi use for her dating profile?
Charlene St. James
20%
In 'Imposters', what is Deeks' date of birth? (MM-
DD-
YYYY)
01-08-1979
20%
In 'Lockup', what prison was Moe sent to?
Oakville Federal Prison
17.1%
In 'Bounty', what type of gun does Deeks have personal attachment to?
Beretta 92FS
15.7%
In 'Empty Quiver', name the service provided by CHP officers to escort criminals?
California Gold Taxi Service
15.7%
What is the surname of Deeks' childhood friend/
informant?
Martindale
14.3%
Quiz Playlist
Details
Report
Send in Message
Add To Playlist
Classic:
Type in answers that appear in a list
Last Updated: Sep 23, 2017
Quiz Scoreboard
CHALLENGE
Sign Up to Join the Scoreboard
Show All
Scores
Hide
Comments
May contain spoilers
Recently Published
Two Season TV Shows II
by 123Four
Television
10m
Image Sorting: Flags VI
by Barbecue
Geography
2m
Find the 'City' Movie
by crazypaving
Movies
60s
More to Explore
Quiz From the Vault
Featured Blog Post
14 Easter Pick-up Lines to Find Eggs With
hide this ad
You Might Also Like...
Tags
Los Angeles
ncis
Today's Top Quizzes in Television
Browse Television
hide this ad
Today's Top Quizzes in Los Angeles
Browse Los Angeles
Top Contributed Quizzes in Television
1
Survivor Journey Challenge
2
Brooklyn Nine Nine Logic Puzzle (How-To-Play)
3
Adjectives in 00s TV Shows
4
Total Drama Characters
5
Survivor Logic Puzzle: Heroes vs. Villains
6
Phoebe Buffay Quotes
7
Survivor Heroes vs. Villains Logic Puzzle
8
Survivor Trivia
9
Emmerdale Characters (from August 2012)
10
Adjectives in 10s TV Shows
Explore More
Trending Topics
NBA
Kpop
Harry Potter
Disney
Marvel
Crossword
Anime
Country
Puzzle
Pokémon
Song
WWE
The Office
Soccer
NFL
hide this ad
More By:
NickName1
Quiz
Plays
Rating
Category
Featured
Created
Brooklyn Nine-Nine Season 1 Quiz
406
3.00
Television
Oct 31, 2018
GameInformer's Top 300 Games of All Time
338
5.00
Gaming
Mar 23, 2018
WHO Wrote the Episode? (Classic Series)
323
5.00
Television
May 5, 2017
CinemaSins: Best Movie from 1975-Present (Tournament)
245
1.00
Movies
May 24, 2017
GameInformer's Top 100 RPGs of All Time
201
3.00
Gaming
May 19, 2017
Go to Creator's Profile
Score Distribution
Quiz Creator Spotlight
NickName1
Follow
Send a Message
Quizzes Created
-
Created Quiz Play Count
-
More By This Creator
Popular Quizzes Today
1
Colored Red Africa Blitz
2
Find the US States - No Outlines Minefield
3
Find the 'City' Movie
4
5x2 Blitz: Bands
5
The Countries of the World
6
Find the US States
7
Find the Countries of Europe - No Outlines Minefield
8
US States
More Television Quizzes
Profile: Michael Scott
Published
Trending Quizzes
Colored Red Europe Blitz I
Colored Red Africa Blitz II
Colored Red Europe Blitz II
Colored Red Africa Blitz III
Colored Red Europe Blitz III
Recently Updated
How Do You Spell That?
pecheneg
Godzilla Movies
pecheneg
Grab Bag: 4-10 Letters
pecheneg
2024 March Madness Bracket
pecheneg
Famous TV Couples
Peacemaker
Champions League XIs: Real Madrid
pecheneg
Largest US Cities 1790-2010
pecheneg
Rides in Walt Disney World
pecheneg
Most Oscar Losses (Acting)
pecheneg
Beyoncé Albums
pecheneg
Trending Topics
Crossword
NBA
Kpop
Marvel
Anime
Disney
Harry Potter
Country
NFL
Soccer
The Office
WWE
Puzzle
Pokémon
Song
Your Account Isn't Verified!
In order to create a playlist on Sporcle, you need to verify the email address you used during registration. Go to your
Sporcle Settings
to finish the process.
Report this User
Report this user for behavior that violates our
Community Guidelines
.
Details:
Send Report
Go to the Sporcle.com Mobile Site →
Comments